The First Presidency + The Quorum of the Twelve: Initial Guess - Statistics

General Stats
  • This quiz has been taken 3 times
  • The average score is 5 of 15
Answer Stats
Apostle Answer % Correct
Dallin H _ _ _ _ _ Oaks Harris
100%
Russel M _ _ _ _ _ Nelson Marion
100%
Ulisses S _ _ _ _ _ Soares
100%
Henry B _ _ _ _ _ _ Eyring Bennion
50%
Gary E _ _ _ Stevenson Evan
50%
Dieter F _ _ _ _ _ _ _ _ Uchtdorf Friedrich
50%
Patrick K _ _ _ _ _ Kearon
50%
David A _ _ _ _ Bednar Allan
0%
Ronald A _ _ _ _ _ _ _ Rasband Anderson
0%
D _ _ _ _ Todd Christofferson David
0%
Dale G _ _ _ _ _ Renlund Gunnar
0%
Quentin L _ _ _ _ Cook LaMar
0%
Neil L _ _ _ _ _ Andersen Linden
0%
Jeffrey R _ _ Holland Roy
0%
Gerrit W _ _ _ _ _Gong Walter
0%
No matching quizzes found
Score Distribution
Percent of People with Each Score
Percentile by Number Answered
Your Score History
You have not taken this quiz